000 00523nam a22001817a 4500
003 GBCCL
005 20250616130403.0
008 250616b |||||||| |||| 00| 0 eng d
040 _cGBC
082 _aVER 226.407
_bKHA 1
100 _aKhamvum, V
245 _aTanchin hoih Luka gelh Hilhchetna Bung 13-24
260 _aNew Lamka:
_bEvangelical Baptist Convention,
_c2015
300 _a296p. ;
490 _aSaptuam' Laisiangthou Hilhchetna
650 _aBible
_vNew Testament
_xLuke
_xCommentary
942 _2ddc
_cBK
_n0
999 _c10860
_d10860